000 00885nam1a22002891 4500
001 v19\rc\1690216
005 20061002153337.5
035 _a(NLR Aleph) 004794249
090 _a4761528
_c4761528
100 _a20061002g18971898|||y0rusy50 ca
101 0 _arus
102 _aRU
105 _a z |||||
200 1 _aПорча и ремонт паровоза
_fСост. инж. В. Арциш
205 _a3-е изд., испр. и доп. Вып. 1-2
210 _aПенза
_cтипо-лит. В.Н. Умнова
_d1897-1898
215 _a2 т.
_d22
700 1 _aАрциш
_bВ. А.
_f1852-
_gВладислав Антонович
_4220
801 0 _aRU
_bNLR
_gpsbo
801 0 _aRU
_bRuMoRGB
_2psbo
801 1 _aRU
_bProSoft-M
_2rusmarc
852 _aNLR
_j20.105.3.19
899 _aRuMoRGB
_jG 51/546
899 _aБАН
899 _aНБ МГУ
942 _cBOOK
980 _aNB